[Event "I liga CS 2016."]
[Site "Kragujevac,hotel Sumarice"]
[Date "2016.09.11"]
[Round "3.1"]
[White "Ivanov, Mikhail M"]
[Black "Enchev, Ivajlo"]
[Result "1/2-1/2"]
[WhiteElo "2393"]
[BlackElo "2451"]
[PlyCount "78"]
[EventDate "2016.09.10"]

1. d4 Nf6 2. c4 e6 3. Nc3 Bb4 4. Bd2 d5 5. Qa4+ Nc6 6. e3 O-O 7. Nf3 a6 8. a3
Bd6 9. c5 Be7 10. Bd3 e5 11. Nxe5 Nxe5 12. dxe5 Ng4 13. Qd4 c6 14. h3 Nh6 15.
O-O Nf5 16. Bxf5 Bxf5 17. b4 f6 18. f4 fxe5 19. fxe5 Bg5 20. Rf3 Be6 21. Rxf8+
Qxf8 22. h4 Bd8 23. Rf1 Qe8 24. Ne2 Qe7 25. g3 Bc7 26. Bc3 Bf7 27. Nf4 Be6 28.
Nd3 Rf8 29. Rxf8+ Qxf8 30. Qf4 Qf5 31. Qxf5 Bxf5 32. Nf4 Kf7 33. Kf2 g6 34. Ne2
Bg4 35. Nf4 h6 36. Ng2 Bd8 37. Bd4 g5 38. hxg5 hxg5 39. Ne1 Bf5 1/2-1/2

[Event "I liga CS 2016."]
[Site "Kragujevac,hotel Sumarice"]
[Date "2016.09.11"]
[Round "3.1"]
[White "Radovanovic, Nikola"]
[Black "Radovanovic, Jovica"]
[Result "1/2-1/2"]
[WhiteElo "2396"]
[BlackElo "2351"]
[PlyCount "29"]
[EventDate "2016.09.10"]

1. d4 Nf6 2. c4 g6 3. Nc3 Bg7 4. e4 d6 5. Nf3 O-O 6. Be2 Nbd7 7. O-O e5 8. Be3
Re8 9. d5 Nh5 10. g3 Bf8 11. Ne1 Ng7 12. Ng2 f5 13. f3 a5 14. Qd2 Nc5 15. b3
1/2-1/2

[Event "I liga CS 2016."]
[Site "Kragujevac,hotel Sumarice"]
[Date "2016.09.11"]
[Round "3.1"]
[White "Pantelic, Sasa"]
[Black "Zlatanovic, Boroljub"]
[Result "1/2-1/2"]
[WhiteElo "2316"]
[BlackElo "2392"]
[PlyCount "116"]
[EventDate "2016.09.10"]

1. d4 g6 2. c4 Bg7 3. Nc3 d6 4. Nf3 Nf6 5. e4 O-O 6. Be2 e5 7. O-O Nc6 8. d5
Ne7 9. Ne1 Nd7 10. Be3 f5 11. f3 f4 12. Bf2 g5 13. Rc1 Nf6 14. c5 a6 15. Na4 g4
16. cxd6 cxd6 17. Nb6 Rb8 18. Nxc8 Rxc8 19. Rxc8 Nxc8 20. Nd3 Rf7 21. Qb3 Bh6
22. Bh4 g3 23. Rc1 Kg7 24. h3 Rc7 25. Bxf6+ Kxf6 26. Rxc7 Qxc7 27. Qc3 Qb6+ 28.
Kf1 Na7 29. a4 Bf8 30. Qb4 Qc7 31. Qc3 Qxc3 32. bxc3 Be7 33. Ke1 Nc8 34. Kd2
Bd8 35. Nb2 Ke7 36. Kc2 Kd7 37. Nc4 Bb6 38. Kb3 Kc7 39. a5 Ba7 40. Nb2 Ne7 41.
Nd3 Be3 42. Nb4 Ng6 43. Bf1 Nf8 44. Nd3 Nd7 45. Kb4 b6 46. Be2 Kb7 47. Ka4 Bd2
48. Kb3 bxa5 49. Nb2 Nc5+ 50. Kc2 Be3 51. Nc4 Kc7 52. Nxa5 Bf2 53. Bf1 Be1 54.
Nb3 Na4 55. Bxa6 Nxc3 56. Bd3 Kb6 57. Bf1 Na2 58. Bc4 Nb4+ 1/2-1/2

[Event "I liga CS 2016."]
[Site "Kragujevac,hotel Sumarice"]
[Date "2016.09.11"]
[Round "3.1"]
[White "Novoselski, Zoran"]
[Black "Jesic, Dusan"]
[Result "1-0"]
[WhiteElo "2323"]
[BlackElo "2348"]
[PlyCount "99"]
[EventDate "2016.09.10"]

1. d4 Nf6 2. c4 g6 3. Nc3 Bg7 4. e4 d6 5. Be2 O-O 6. Bg5 h6 7. Be3 c5 8. d5 e6
9. Nf3 b5 10. cxb5 exd5 11. exd5 a6 12. O-O Bb7 13. Qb3 axb5 14. Bxb5 Na6 15.
Rfd1 Rb8 16. Qa4 Nc7 17. Bc4 Bc8 18. Qc2 Bf5 19. Qc1 g5 20. h4 Ng4 21. hxg5
Nxe3 22. Qxe3 hxg5 23. Nxg5 Rxb2 24. Qg3 Rb4 25. Be2 Be5 26. Ne6+ Bxg3 27. Nxd8
Bxf2+ 28. Kxf2 Rxd8 29. Rd2 Ra8 30. a4 Rb3 31. Nd1 Be4 32. Ne3 Rb4 33. a5 Rd4
34. Rxd4 cxd4 35. Nc4 Bxd5 36. Nb6 Ra7 37. Nc8 Rb7 38. a6 Rb2 39. Ne7+ Kg7 40.
Nxd5 Nxd5 41. a7 Nb6 42. Kf1 d5 43. Ra5 Rb1+ 44. Kf2 Rb2 45. Kf3 Rb3+ 46. Kf2
d3 47. Bf3 d2 48. Ke2 Rb2 49. a8=Q Nxa8 50. Rxa8 1-0

[Event "I liga CS 2016."]
[Site "Kragujevac,hotel Sumarice"]
[Date "2016.09.11"]
[Round "3.1"]
[White "Misic, Dragan"]
[Black "Radovic, Janko"]
[Result "0-1"]
[WhiteElo "2262"]
[BlackElo "2258"]
[PlyCount "80"]
[EventDate "2016.09.10"]

1. d4 c5 2. c3 e6 3. Nf3 Nc6 4. g3 Nf6 5. Bg2 Be7 6. O-O O-O 7. Nbd2 cxd4 8.
cxd4 d5 9. e3 b6 10. Re1 Ba6 11. a3 Qc8 12. b3 Bd3 13. Bb2 Qa6 14. Bf1 Rac8 15.
Rc1 Bxf1 16. Rxf1 Rc7 17. Re1 Rfc8 18. Kg2 Qb5 19. Qc2 h6 20. Qb1 Bd6 21. Rc3
Na5 22. Rxc7 Rxc7 23. Rc1 Rxc1 24. Bxc1 Qe2 25. Ng1 Qd1 26. Ngf3 Ne4 27. Nxe4
Bxa3 28. Ned2 Qxc1 29. Qd3 Bd6 30. e4 Qc6 31. exd5 Qxd5 32. Qa6 Qb7 33. Qb5 Qc6
34. Qa6 Bb4 35. Nc4 b5 36. Qxc6 Nxc6 37. Ne3 Na5 38. Nc2 Bc3 39. Na3 a6 40. Ne5
Nxb3 0-1

[Event "I liga CS 2016."]
[Site "Kragujevac,hotel Sumarice"]
[Date "2016.09.11"]
[Round "3.1"]
[White "Radovic, Luka"]
[Black "Urosevic, Zoran"]
[Result "1-0"]
[WhiteElo "2254"]
[BlackElo "2196"]
[PlyCount "75"]
[EventDate "2016.09.10"]

1. c4 Nf6 2. g3 g6 3. Bg2 Bg7 4. Nf3 O-O 5. O-O d6 6. d4 Nc6 7. d5 Na5 8. Qa4
c5 9. Bd2 b6 10. Bc3 Bd7 11. Qc2 Nxc4 12. Bxf6 Bxf6 13. Qxc4 Bxb2 14. Nc3 Bxa1
15. Rxa1 a6 16. Qh4 f6 17. Bh3 Qc8 18. Bxd7 Qxd7 19. Qe4 Kg7 20. e3 b5 21. Ne2
g5 22. h4 h6 23. Kg2 Rh8 24. g4 Kf7 25. Ng3 gxh4 26. Nxh4 Rag8 27. Kf3 Rg5 28.
Nhf5 h5 29. gxh5 Rhxh5 30. Nxh5 Rxf5+ 31. Nf4 Ke8 32. Rh1 Kd8 33. Ke2 Kc8 34.
Ne6 Re5 35. Qg4 f5 36. Qg8+ Kb7 37. Rh8 Kb6 38. Qb8+ 1-0

[Event "I LIGA CS 2016"]
[Site "Kragujevac"]
[Date "2016.09.11"]
[Round "3.1"]
[White "Zajic, Milan"]
[Black "Chatalbashev, Boris"]
[Result "1/2-1/2"]
[WhiteElo "2483"]
[BlackElo "2542"]
[PlyCount "24"]
[EventDate "2016.??.??"]
[WhiteClock "1:29:26"]
[BlackClock "1:17:38"]

1. e4 g6 2. d4 Bg7 3. Nf3 d6 4. Nc3 Nf6 5. h3 O-O 6. Be3 a6 7. Bd3 e6 8. O-O b5
9. a4 b4 10. Ne2 Bb7 11. Ng3 Nbd7 12. a5 c5 1/2-1/2

[Event "I LIGA CS 2016"]
[Site "Kragujevac"]
[Date "2016.09.11"]
[Round "3.2"]
[White "Mijailovic, Zoran"]
[Black "Djordjevic, Vuk"]
[Result "1/2-1/2"]
[WhiteElo "2411"]
[BlackElo "2416"]
[PlyCount "51"]
[EventDate "2016.??.??"]
[WhiteClock "0:34:08"]
[BlackClock "0:29:08"]

1. d4 Nf6 2. c4 e6 3. Nf3 b6 4. g3 Ba6 5. Qb3 Nc6 6. Nbd2 Na5 7. Qc3 c5 8. dxc5
bxc5 9. e4 Bb7 10. e5 Ne4 11. Nxe4 Bxe4 12. Bg2 Nc6 13. O-O Be7 14. Re1 Bg6 15.
Bf4 O-O 16. Rad1 Qc7 17. Bg5 Rab8 18. Bxe7 Nxe7 19. Nh4 Rfd8 20. Bf3 Rb6 21.
Rd2 d5 22. exd6 Rbxd6 23. Qe5 Qb6 24. Bg2 Qc7 25. Qc3 Rb8 26. Qe5 1/2-1/2

[Event "I LIGA CS 2016"]
[Site "Kragujevac"]
[Date "2016.09.11"]
[Round "3.3"]
[White "Brankovic, Dejan"]
[Black "Radusinovic, Lazar"]
[Result "1-0"]
[WhiteElo "2352"]
[BlackElo "2349"]
[PlyCount "43"]
[EventDate "2016.??.??"]
[WhiteClock "0:18:29"]
[BlackClock "0:26:22"]

1. e4 c5 2. Nf3 Nc6 3. Bb5 d6 4. O-O Bd7 5. Re1 Nf6 6. Nc3 a6 7. Bxc6 Bxc6 8.
d4 cxd4 9. Nxd4 e6 10. Bg5 Qa5 11. Bxf6 gxf6 12. Nd5 Bxd5 13. b4 Qc7 14. exd5
e5 15. Qf3 Be7 16. Nf5 Rc8 17. Ne3 Qc3 18. Rab1 b5 19. Red1 Qa3 20. Rb3 Qxa2
21. Rdb1 h5 22. Qd1 1-0

[Event "I LIGA CS 2016"]
[Site "Kragujevac"]
[Date "2016.09.11"]
[Round "3.4"]
[White "Nadj Hedjesi, Balind"]
[Black "Gajic, Mladen"]
[Result "1/2-1/2"]
[WhiteElo "2311"]
[BlackElo "2346"]
[PlyCount "55"]
[EventDate "2016.??.??"]
[WhiteClock "0:18:11"]
[BlackClock "0:00:49"]

1. d4 g6 2. e4 Bg7 3. Nf3 c6 4. Nc3 d5 5. h3 Nf6 6. e5 Ne4 7. Nxe4 dxe4 8. Ng5
c5 9. e6 Bxe6 10. Nxe6 fxe6 11. Qg4 cxd4 12. Qxe6 Qa5+ 13. Bd2 Qf5 14. Bc4 Nd7
15. Bb4 Qxe6 16. Bxe6 a5 17. Bd2 Nc5 18. Bc4 Kd7 19. O-O Kc6 20. a4 Nxa4 21.
Rfe1 Nc5 22. Bxa5 b5 23. Bf1 d3 24. cxd3 Bxb2 25. Rab1 Bd4 26. Bb4 exd3 27.
Rec1 Kb6 28. Bxc5+ 1/2-1/2

[Event "I LIGA CS 2016"]
[Site "Kragujevac"]
[Date "2016.09.11"]
[Round "3.5"]
[White "Mladenovic, Stefan"]
[Black "Ravic, Nenad"]
[Result "1/2-1/2"]
[WhiteElo "2273"]
[BlackElo "2282"]
[PlyCount "51"]
[EventDate "2016.??.??"]
[WhiteClock "0:17:59"]
[BlackClock "0:26:39"]

1. d4 Nf6 2. c4 g6 3. Nc3 Bg7 4. e4 d6 5. Nf3 Bg4 6. Be2 O-O 7. Be3 Nfd7 8. Rc1
c5 9. d5 Na6 10. h3 Bxf3 11. Bxf3 Nc7 12. O-O a6 13. a4 Re8 14. Qd2 e6 15. dxe6
Nxe6 16. Qxd6 Nd4 17. Bxd4 cxd4 18. Nd5 Ne5 19. Qa3 Bh6 20. Rcd1 Rc8 21. Rxd4
Nxc4 22. Qb4 a5 23. Qxb7 Bg7 24. Rdd1 Nxb2 25. Rc1 Rb8 26. Qa7 1/2-1/2

[Event "I LIGA CS 2016"]
[Site "Kragujevac"]
[Date "2016.09.11"]
[Round "3.6"]
[White "Elez, Nikola"]
[Black "Ivic, Matija"]
[Result "1/2-1/2"]
[WhiteElo "2211"]
[BlackElo "2156"]
[PlyCount "32"]
[EventDate "2016.??.??"]
[WhiteClock "0:29:18"]
[BlackClock "0:40:17"]

1. e4 c5 2. b3 Nc6 3. Bb2 Nf6 4. e5 Nd5 5. Qf3 e6 6. Qg3 d6 7. exd6 f6 8. Bb5
Ndb4 9. Na3 a6 10. Bxc6+ Nxc6 11. O-O-O Qxd6 12. Nc4 Qxg3 13. hxg3 b5 14. Nb6
Rb8 15. Nxc8 Rxc8 16. d3 Kf7 1/2-1/2

[Event "I LIGA CS 2016"]
[Site "Kragujevac"]
[Date "2016.09.11"]
[Round "3.16"]
[White "Jovanovic, Bojan P"]
[Black "Ivanovic, Lazar"]
[Result "1/2-1/2"]
[WhiteElo "2236"]
[BlackElo "2017"]
[PlyCount "20"]
[EventDate "2016.??.??"]
[WhiteClock "1:34:01"]
[BlackClock "1:32:10"]

1. d4 Nf6 2. c4 d6 3. Nc3 Nbd7 4. e4 e5 5. d5 Nc5 6. Qc2 a5 7. Nf3 Be7 8. Be2
O-O 9. O-O h6 10. Ne1 Nh7 1/2-1/2

[Event "I LIGA CS 2016"]
[Site "Kragujevac"]
[Date "2016.09.11"]
[Round "3.7"]
[White "Ratkovic, Miloje"]
[Black "Lalic, Bogdan"]
[Result "1/2-1/2"]
[WhiteElo "2414"]
[BlackElo "2434"]
[PlyCount "28"]
[EventDate "2016.??.??"]
[WhiteClock "1:04:13"]
[BlackClock "1:18:34"]

1. Nf3 Nf6 2. g3 b6 3. Bg2 Bb7 4. O-O c5 5. d3 g6 6. e4 d6 7. Nbd2 Bg7 8. a4
O-O 9. Nc4 Nc6 10. c3 d5 11. exd5 Nxd5 12. Re1 Qc7 13. Qb3 e6 14. Nfd2 Rfd8
1/2-1/2

[Event "I LIGA CS 2016"]
[Site "Kragujevac"]
[Date "2016.09.11"]
[Round "3.8"]
[White "Peric, Slavisa"]
[Black "Milanovic, Slavisa"]
[Result "1/2-1/2"]
[WhiteElo "2160"]
[BlackElo "2395"]
[PlyCount "81"]
[EventDate "2016.??.??"]

1. d4 e6 2. Nf3 Nf6 3. c4 Bb4+ 4. Bd2 Qe7 5. g3 Nc6 6. Nc3 d5 7. cxd5 exd5 8.
Bg2 O-O 9. O-O Bg4 10. Bg5 Rad8 11. h3 Bxc3 12. hxg4 Ba5 13. Bxf6 Qxf6 14. g5
Qe7 15. a3 Rfe8 16. b4 Bb6 17. e3 Rd6 18. Qb3 Nd8 19. a4 a5 20. bxa5 Bxa5 21.
Qb5 b6 22. Bh3 c6 23. Qd3 h6 24. gxh6 Rxh6 25. Bg2 g6 26. Rfc1 Kg7 27. Kf1 Qe6
28. Nh4 Reh8 29. e4 dxe4 30. Qxe4 Qxe4 31. Bxe4 Ne6 32. Nf3 c5 33. d5 f5 34.
Bxf5 gxf5 35. dxe6 Rxe6 36. Kg2 Kf6 37. Rd1 Rc8 38. Rd7 Re7 39. Rd6+ Re6 40.
Rd7 Re7 41. Rd6+ 1/2-1/2

[Event "I LIGA CS 2016"]
[Site "Kragujevac"]
[Date "2016.09.11"]
[Round "3.9"]
[White "Blesic, Vaso"]
[Black "Maksimovic, Branimir"]
[Result "1-0"]
[WhiteElo "2350"]
[BlackElo "2341"]
[PlyCount "145"]
[EventDate "2016.??.??"]
[WhiteClock "0:05:58"]
[BlackClock "0:05:24"]

1. d4 e6 2. c4 Nf6 3. Nc3 Bb4 4. e3 O-O 5. Bd3 d5 6. Nf3 c5 7. O-O Nc6 8. dxc5
Bxc3 9. bxc3 dxc4 10. Bxc4 Qa5 11. Qc2 Qxc5 12. Bd3 b6 13. a4 Rd8 14. e4 Bb7
15. Be3 Qd6 16. Rad1 Qc7 17. h3 Rac8 18. Qb1 h6 19. Rc1 e5 20. Rfd1 Na5 21. c4
Nd7 22. Qb2 f6 23. Nh4 Nc5 24. Bxc5 Qxc5 25. Nf5 Bc6 26. Bc2 Nb7 27. Qc3 Kh7
28. Qg3 Qf8 29. f4 g6 30. Ne3 Qc5 31. Kh1 exf4 32. Qxf4 Qe5 33. Qf3 f5 34. Nd5
Bxd5 35. cxd5 f4 36. Rf1 Rf8 37. Bb1 Nc5 38. a5 Rcd8 39. axb6 axb6 40. Rc4 h5
41. Rb4 Rd6 42. Bc2 Kh6 43. Qf2 Nd7 44. Ba4 Nc5 45. Bc2 Rff6 46. Qd4 Nd7 47.
Qxe5 Nxe5 48. Ra4 Rd7 49. Ra8 Re7 50. Rc8 g5 51. Ba4 Kg7 52. Rd1 Rd6 53. Rdc1
g4 54. R1c7 Rxc7 55. Rxc7+ Kf6 56. Be8 gxh3 57. Bxh5 hxg2+ 58. Kxg2 b5 59. Be2
b4 60. Rb7 Nf7 61. Kf3 Rd8 62. Kxf4 Rh8 63. e5+ Nxe5 64. Rb6+ Kf7 65. Kxe5 Re8+
66. Re6 Rb8 67. Bh5+ Kg7 68. Re8 Rb6 69. d6 Rb5+ 70. Kd4 b3 71. d7 b2 72. d8=Q
b1=Q 73. Qe7+ 1-0

[Event "I LIGA CS 2016"]
[Site "Kragujevac"]
[Date "2016.09.11"]
[Round "3.10"]
[White "Panic, Nenad"]
[Black "Ivanovic, Dragutin"]
[Result "1/2-1/2"]
[WhiteElo "2340"]
[BlackElo "2291"]
[PlyCount "90"]
[EventDate "2016.??.??"]
[WhiteClock "1:06:51"]
[BlackClock "1:37:21"]

1. b3 e5 2. Bb2 d6 3. d4 exd4 4. Qxd4 Nc6 5. Qf4 Nge7 6. Nf3 Ng6 7. Qe3+ Qe7 8.
Qxe7+ Ncxe7 9. Nc3 Bd7 10. O-O-O O-O-O 11. h4 Ne5 12. Nxe5 dxe5 13. Ne4 f6 14.
Nc5 Bc6 15. Rxd8+ Kxd8 16. e4 Nc8 17. Ne6+ Kd7 18. Nxf8+ Rxf8 19. f3 Nd6 20.
Bd3 Bb5 21. c4 Ba6 22. Rd1 c5 23. Kd2 b6 24. Ke3 Ke7 25. g3 Rd8 26. f4 Nf7 27.
a4 Bb7 28. a5 Ke6 29. Ra1 Nd6 30. Bc3 Re8 31. axb6 axb6 32. Ra7 Ra8 33. Rxa8
Bxa8 34. f5+ Ke7 35. g4 h6 36. g5 hxg5 37. hxg5 Nf7 38. g6 Nd8 39. b4 Nc6 40.
b5 Nd4 41. Bb1 Bb7 42. Be1 Bc8 43. Bf2 Bb7 44. Kd3 Ba8 45. Be3 Bb7 1/2-1/2

[Event "I LIGA CS 2016"]
[Site "Kragujevac"]
[Date "2016.09.11"]
[Round "3.12"]
[White "Zivkovic, Vladislav"]
[Black "Vuckovic, Branko"]
[Result "0-1"]
[WhiteElo "2166"]
[BlackElo "2263"]
[PlyCount "88"]
[EventDate "2016.??.??"]
[WhiteClock "0:21:55"]
[BlackClock "0:29:24"]

1. c4 e5 2. g3 Nc6 3. Bg2 Bc5 4. Nc3 a6 5. Nf3 d6 6. O-O Nf6 7. d3 h6 8. a3 Be6
9. b4 Ba7 10. Ne1 O-O 11. Nd5 Nh7 12. Nc2 Nd4 13. e3 Nb3 14. Rb1 Nxc1 15. Rxc1
c6 16. Nc3 f5 17. Qe2 Nf6 18. d4 e4 19. Rfd1 Bf7 20. Rd2 b5 21. c5 Bh5 22. Qe1
d5 23. Na1 Bb8 24. Nb3 Ra7 25. Ra2 g5 26. a4 Rg7 27. axb5 axb5 28. Ra8 f4 29.
Rca1 Be8 30. R1a6 fxg3 31. fxg3 Rgf7 32. Qe2 Rc7 33. Bh3 Bd7 34. Rxb8 Qxb8 35.
Bxd7 Rxd7 36. Rxc6 Rdf7 37. Nd1 Qb7 38. Rb6 Qc8 39. Nd2 Qf5 40. c6 Ng4 41. Rxb5
Nf2 42. Nc3 Nh3+ 43. Kg2 g4 44. Nd1 Qf2+ 0-1

[Event "I liga CS 2016."]
[Site "Kragujevac,hotel Sumarice"]
[Date "2016.09.11"]
[Round "3.5"]
[White "Ristic, Nenad"]
[Black "Cvetkovic, Zoran"]
[Result "1-0"]
[WhiteElo "2416"]
[BlackElo "1728"]
[PlyCount "66"]
[EventDate "2016.09.10"]

1. e4 c5 2. Nf3 Nc6 3. Bb5 Na5 4. O-O a6 5. Be2 d6 6. d4 c4 7. a4 Nf6 8. e5 Nd5
9. Bd2 Nc6 10. Bxc4 Nb6 11. Bb3 e6 12. a5 Nd7 13. Qe2 Qc7 14. exd6 Bxd6 15. d5
Ne7 16. dxe6 Nc5 17. exf7+ Kf8 18. Ba2 Bg4 19. h3 Bh5 20. Na3 Qc6 21. Rfe1 Nf5
22. b4 Bxf3 23. gxf3 Nd4 24. Qe8+ Rxe8 25. Rxe8+ Qxe8 26. fxe8=Q+ Kxe8 27. Nc4
Nxf3+ 28. Kg2 Nh4+ 29. Kf1 Ne4 30. Re1 Kd7 31. Rxe4 Nf3 32. Nxd6 Kxd6 33. Bf4+
Kc6 1-0

[Event "I liga CS 2016."]
[Site "Kragujevac,hotel Sumarice"]
[Date "2016.09.11"]
[Round "3.5"]
[White "Todorovic, Goran N"]
[Black "Milosavljevic, Ivan"]
[Result "1-0"]
[WhiteElo "2350"]
[BlackElo "2113"]
[PlyCount "101"]
[EventDate "2016.09.10"]

1. Nf3 Nc6 2. c4 e5 3. Nc3 Nf6 4. g3 Bc5 5. Bg2 d6 6. d3 h6 7. O-O O-O 8. a3
Rb8 9. b4 Bb6 10. Bb2 Bg4 11. h3 Bh5 12. e3 Qd7 13. Kh2 Rbe8 14. Qc2 g5 15. Nd2
Bg6 16. Na4 Nd8 17. Nxb6 axb6 18. f4 Nh5 19. g4 Ng7 20. f5 Bh7 21. Ne4 f6 22.
d4 c6 23. Rad1 Qc7 24. dxe5 dxe5 25. Rd6 Nde6 26. Qd3 Rd8 27. Rd1 Rxd6 28. Qxd6
Qxd6 29. Rxd6 Kf7 30. fxe6+ Nxe6 31. Rd7+ Kg8 32. Re7 Ng7 33. Rxb7 Bxe4 34.
Bxe4 Rd8 35. Bc3 b5 36. cxb5 cxb5 37. Rxb5 Ne8 38. Bd5+ Kh8 39. e4 Nd6 40. Rc5
Kg7 41. a4 Kg6 42. b5 h5 43. Rc6 hxg4 44. hxg4 Nf7 45. Bb4 Rd7 46. b6 Nh6 47.
Kg3 Rh7 48. Rc7 Rh8 49. b7 Nf5+ 50. exf5+ Kh6 51. Rc8 1-0

[Event "I liga CS 2016."]
[Site "Kragujevac,hotel Sumarice"]
[Date "2016.09.11"]
[Round "3.5"]
[White "Todorovic, Nenad I"]
[Black "Rajkovic, Dusan"]
[Result "1/2-1/2"]
[WhiteElo "2251"]
[BlackElo "2367"]
[PlyCount "93"]
[EventDate "2016.09.10"]

1. e4 c5 2. Nf3 e6 3. d4 cxd4 4. Nxd4 Nc6 5. Nc3 Qc7 6. Be2 Nf6 7. O-O Be7 8.
Be3 O-O 9. f4 d6 10. Kh1 Nxd4 11. Qxd4 e5 12. Qd3 a6 13. a4 exf4 14. Bxf4 Be6
15. Rad1 Rfd8 16. Qg3 Kh8 17. e5 Ne8 18. exd6 Bxd6 19. Rxd6 Rxd6 20. Bxd6 Qxd6
21. Qxd6 Nxd6 22. Rd1 Nc4 23. Bf3 Nxb2 24. Rb1 Rc8 25. Rxb2 Rxc3 26. Bxb7 g5
27. Bxa6 Ra3 28. Kg1 Rxa4 29. Bd3 Kg7 30. Kf2 h5 31. Rb7 Kf6 32. Ke3 Rh4 33. h3
Ra4 34. Rb5 h4 35. Rc5 Ra1 36. Rb5 Re1+ 37. Kf2 Re5 38. Rxe5 Kxe5 39. Ke3 f5
40. c3 Bd5 41. Kf2 g4 42. hxg4 fxg4 43. g3 h3 44. Kg1 Be4 45. Ba6 Bf3 46. Kh2
Ke4 47. Bf1 1/2-1/2

[Event "I liga CS 2016."]
[Site "Kragujevac,hotel Sumarice"]
[Date "2016.09.11"]
[Round "3.5"]
[White "Stankovic, Dragan P"]
[Black "Djukic, Nebojsa"]
[Result "0-1"]
[WhiteElo "2208"]
[BlackElo "2196"]
[PlyCount "58"]
[EventDate "2016.09.10"]

1. g3 d5 2. Nf3 c6 3. Bg2 Bf5 4. d3 h6 5. Nbd2 Nf6 6. b3 e6 7. Bb2 Be7 8. O-O
O-O 9. c4 Nbd7 10. Rc1 a5 11. a3 Qb6 12. Rc2 Rfd8 13. Qa1 Bf8 14. Rfc1 Bc5 15.
Bd4 Bxd4 16. Nxd4 Bg6 17. cxd5 cxd5 18. N4f3 e5 19. Nh4 Bh7 20. e4 Ng4 21. Rf1
Nc5 22. Qc3 Ne6 23. exd5 Nd4 24. Nc4 Qb5 25. Ne3 Rac8 26. Qd2 Nf6 27. Nf3 Nxf3+
28. Bxf3 Qxd3 29. Rd1 Rxc2 0-1

[Event "I liga CS 2016."]
[Site "Kragujevac,hotel Sumarice"]
[Date "2016.09.11"]
[Round "3.5"]
[White "Grkovic, Vladan"]
[Black "Milosevic, Boban"]
[Result "1-0"]
[WhiteElo "2178"]
[BlackElo "2283"]
[PlyCount "93"]
[EventDate "2016.09.10"]

1. d4 Nf6 2. Nf3 e6 3. Bg5 c5 4. e3 Qb6 5. Qc1 Nc6 6. c3 cxd4 7. exd4 d5 8. Bd3
Ne4 9. O-O Nxg5 10. Nxg5 h6 11. Nf3 Bd6 12. Re1 Bd7 13. Nbd2 O-O 14. Nf1 a6 15.
Ng3 Qc7 16. Qd2 Rfe8 17. Rad1 Rac8 18. Bb1 b5 19. Nh5 f5 20. g4 Rf8 21. gxf5
exf5 22. Ne5 Rce8 23. f4 Rd8 24. Qg2 Be8 25. Ng3 Ne7 26. a3 a5 27. Ba2 Qb7 28.
Kh1 Kh7 29. Bb1 b4 30. axb4 axb4 31. c4 b3 32. c5 Bb8 33. Re3 Kh8 34. Rg1 g6
35. Qh3 Ng8 36. Ne2 Qa6 37. Bd3 Qf6 38. Reg3 Bxe5 39. fxe5 Qc6 40. Nf4 Kh7 41.
Nxg6 Bxg6 42. Rxg6 Qxg6 43. Rxg6 Kxg6 44. Qg4+ Kf7 45. Bxf5 Ke7 46. Qg6 Rf7 47.
e6 1-0

[Event "I liga CS 2016."]
[Site "Kragujevac,hotel Sumarice"]
[Date "2016.09.11"]
[Round "3.6"]
[White "Dimitrov, Radoslav"]
[Black "Stankovic, Milos"]
[Result "1-0"]
[WhiteElo "2489"]
[BlackElo "2410"]
[PlyCount "105"]
[EventDate "2016.09.10"]

1. c4 c5 2. Nf3 Nc6 3. Nc3 Nd4 4. e3 Nxf3+ 5. Qxf3 g6 6. b3 Bg7 7. Bb2 d6 8. g4
Nh6 9. Rg1 f5 10. g5 Nf7 11. O-O-O e6 12. Qg2 Rb8 13. f4 Bd7 14. h4 Bc6 15. Qe2
a6 16. d4 Qa5 17. h5 Rg8 18. Qc2 b5 19. d5 exd5 20. Bg2 bxc4 21. Bxd5 Bxd5 22.
Nxd5 cxb3 23. axb3 Nd8 24. e4 Ne6 25. exf5 Nd4 26. Rxd4 Bxd4 27. Bxd4 cxd4 28.
Qc6+ Kd8 29. Qxd6+ Kc8 30. b4 Qa3+ 31. Kd2 Qb2+ 32. Kd3 Qb3+ 33. Ke2 Re8+ 34.
Kf2 Qc2+ 35. Kg3 gxf5 36. Ra1 Re2 37. Qxa6+ Kd8 38. Qf6+ Kc8 39. Qh8+ Kb7 40.
Qxh7+ Kc8 41. Nb6+ Rxb6 42. Ra8+ Rb8 43. Qh8+ Kd7 44. Qxd4+ Kc8 45. Qh8+ Kd7
46. Ra7+ Kc6 47. Qf6+ Kb5 48. Qa6+ Kxb4 49. Qa5+ Kc4 50. Rc7+ Kd4 51. Rd7+ Ke3
52. Qe5+ Qe4 53. Qc5+ 1-0

[Event "I liga CS 2016."]
[Site "Kragujevac,hotel Sumarice"]
[Date "2016.09.11"]
[Round "3.6"]
[White "Nestorovic, Dejan"]
[Black "Zivkovic, Nemanja"]
[Result "1-0"]
[WhiteElo "2380"]
[BlackElo "2260"]
[PlyCount "41"]
[EventDate "2016.09.10"]

1. d4 Nf6 2. c4 e6 3. Nf3 b6 4. g3 Ba6 5. b3 Bb4+ 6. Bd2 Be7 7. Nc3 c6 8. e4 d5
9. Qc2 dxe4 10. Nxe4 c5 11. Bc3 Bb7 12. Bd3 Nbd7 13. O-O O-O 14. Rad1 Qc7 15.
Rfe1 h6 16. dxc5 bxc5 17. Qe2 Rad8 18. Bc2 Bc6 19. Nxf6+ Bxf6 20. Bxf6 Bxf3 21.
Bxd8 1-0

[Event "I liga CS 2016."]
[Site "Kragujevac,hotel Sumarice"]
[Date "2016.09.11"]
[Round "3.6"]
[White "Milosevic, Aleksandar"]
[Black "Markovic, Zoran S"]
[Result "1/2-1/2"]
[WhiteElo "2269"]
[BlackElo "2363"]
[PlyCount "22"]
[EventDate "2016.09.10"]

1. Nf3 d5 2. d4 Nf6 3. c4 e6 4. Nc3 Be7 5. Bg5 O-O 6. e3 a6 7. Bh4 b6 8. Be2
Bb7 9. Bxf6 Bxf6 10. cxd5 exd5 11. O-O Qe7 1/2-1/2

[Event "I liga CS 2016."]
[Site "Kragujevac,hotel Sumarice"]
[Date "2016.09.11"]
[Round "3.6"]
[White "Vucinic, Gojko"]
[Black "Vlahovic, Bogdan"]
[Result "1/2-1/2"]
[WhiteElo "2439"]
[BlackElo "2312"]
[PlyCount "59"]
[EventDate "2016.09.10"]

1. e4 Nf6 2. e5 Nd5 3. d4 d6 4. Nf3 dxe5 5. Nxe5 c6 6. Be2 Nd7 7. Nf3 g6 8. O-O
Bg7 9. c4 Nc7 10. Nc3 O-O 11. Bf4 Nf6 12. h3 Nce8 13. Re1 Nd6 14. Bf1 h6 15.
Rc1 g5 16. Be5 Bf5 17. d5 c5 18. Bd3 Bxd3 19. Qxd3 Re8 20. Re2 a6 21. b3 Rc8
22. a4 Nh5 23. h4 Bxe5 24. Rxe5 Nf4 25. Qd2 f6 26. Re3 Nf5 27. Re4 e6 28. dxe6
Qxd2 29. Nxd2 Nxe6 30. Rce1 1/2-1/2

[Event "I liga CS 2016."]
[Site "Kragujevac,hotel Sumarice"]
[Date "2016.09.11"]
[Round "3.6"]
[White "Krstic, Ranko"]
[Black "Milenkovic, Mladen"]
[Result "0-1"]
[WhiteElo "2206"]
[BlackElo "2344"]
[PlyCount "86"]
[EventDate "2016.09.10"]

1. d4 Nf6 2. c4 e6 3. Nf3 b6 4. g3 Bb7 5. Bg2 c5 6. O-O cxd4 7. Nxd4 Bxg2 8.
Kxg2 Qc8 9. b3 Be7 10. Bb2 Qb7+ 11. Kg1 d5 12. Nd2 dxc4 13. Nxc4 O-O 14. Rc1
Nbd7 15. Qd3 a5 16. Rfd1 a4 17. Nb5 Nc5 18. Qc2 axb3 19. axb3 Qe4 20. Nc3 Qxc2
21. Rxc2 Rfb8 22. Ba3 b5 23. Bxc5 Bxc5 24. Ne5 Rc8 25. Kg2 Bxf2 26. Kxf2 Rxc3
27. Rxc3 Ne4+ 28. Kf3 Nxc3 29. Rd7 f6 30. Nd3 Ra2 31. Nf4 e5 32. Nh5 Nxe2 33.
Rxg7+ Kf8 34. Rd7 f5 35. Nf6 Nd4+ 36. Ke3 Rxh2 37. Nxh7+ Kg8 38. Nf6+ Kf8 39.
Nh7+ Kg8 40. Nf6+ Kh8 41. Re7 f4+ 42. Kd3 fxg3 43. Rxe5 Nf3 0-1

[Event "I liga CS 2016."]
[Site "Kragujevac,hotel Sumarice"]
[Date "2016.09.11"]
[Round "3.6"]
[White "Organdziev, Oliver"]
[Black "Mitic, Jovan Dj"]
[Result "1-0"]
[WhiteElo "2259"]
[BlackElo "2095"]
[PlyCount "83"]
[EventDate "2016.09.10"]

1. e4 c5 2. Nf3 Nc6 3. Bb5 g6 4. O-O Bg7 5. Bxc6 dxc6 6. d3 Nf6 7. Nc3 O-O 8.
h3 Qc7 9. Be3 b6 10. Qd2 Ba6 11. Bf4 Qc8 12. Bh6 Rd8 13. Bxg7 Kxg7 14. Qe3 Qc7
15. b3 Nh5 16. Ne2 e5 17. a4 Qe7 18. Nh2 Bc8 19. f4 exf4 20. Nxf4 Nxf4 21. Rxf4
Be6 22. Raf1 h6 23. Rf6 Rd7 24. Qf4 Qd6 25. Qxd6 Rxd6 26. Ng4 Rf8 27. Ne5 g5
28. g4 b5 29. a5 a6 30. Kg2 c4 31. bxc4 bxc4 32. Nxc4 Rd4 33. Ne5 c5 34. c4
Rdd8 35. R6f3 Rb8 36. Nc6 Rb2+ 37. R1f2 Rb3 38. d4 Rxf3 39. Kxf3 cxd4 40. Rc2
Rc8 41. Nxd4 Bxc4 42. Nf5+ 1-0